000 00694nam a2200229 a 4500
001 BRCA_6129
005 20190320205338.0
008 040711s1911----fr-a######---#000-0#fre-#
041 _afre
044 _afr
050 4 _aDC130 .S2
_b.S35 1911
100 1 _aSaint-Simon, Louis de Rouvroy, duc de
_c1675-1755
_915462
245 1 0 _aLa Cour de Louis XIV
_cDuc de Saint-Simon ; introduction par Charles Sarolea.
260 _aParĂ­s
_bNelson
_c1911
300 _a574 p.
_bil.
_c16 cm.
500 _aI34
651 4 _aFrancia
_xHistoria
_yLuis XIV, 1643-1715
_915463
651 4 _aFrancia
_xCorte y Cortesanos.
_915464
710 2 _aSarolea, Charles.
_eed.
_915465
902 _aGFM
942 _2lcc
_cB
999 _c5816
_d5816